000 00532nam a2200169 i 4500
001 95231
003 ES-MaACL
005 20230906181648.0
007 t|
008 050524s1916 gw ||||1| ger d
245 0 4 _aVom Lutheraner zum Franziskaner /
_cKonvertiten-Briefe Heraugegeben von Dr. P. Expeditus Schmidt.
250 _a2ª Aufl.
260 _aLandshut :
_bJ. Hochneder'schen Buchhandlung,
_c1916.
300 _a184 p., 11 lám. ;
_c20 cm.
700 1 _aSchmidt, Expeditus.
_9104472
852 _aES-MaACL
_jC-4788
_bR.24468
999 _c95231
_d95231